載入...

Agricultural extension .V.1 : basic concepts and methods

書目詳細資料
主要作者: Albrecht, H
格式: Printed Book
語言:Undetermined
English
出版: New Delhi Wiley Eastern Limited 1989
主題:
LEADER 00622nam a2200181Ia 4500
008 140306s9999 xx 000 0 und d
041 |a eng 
082 |a 302.2  |b ALB/AG 
100 |a Albrecht, H 
245 |a Agricultural extension .V.1 : basic concepts and methods 
260 |a New Delhi  |b Wiley Eastern Limited  |c 1989 
300 |a 276 
365 |b Rs .200.00 
440 |v Rural development series 
650 |a Rural development 
942 |2 ddc  |c BK 
999 |c 111369  |d 111369 
952 |0 0  |1 0  |2 ddc  |4 0  |6 302_200000000000000_ALBAG  |7 0  |9 109003  |a KAUHCV  |b KAUHCV  |d 2004-04-03  |g 200.00  |o 302.2 ALB/AG  |p KAU_HCV-24195  |r 2014-03-22  |w 2014-03-22  |y BK